Clickable Matching Pairs Quiz Stats

 Plays Quiz Updated Oct 31, 2018

Also try: Don't Get Blocked!
Challenge
Share
Tweet
Embed
Score 0/86 Timer 04:00
1 Play Today
% Correct
A
91.1%
A
91.1%
O
90.1%
O
90.1%
E
90.1%
E
90.1%
M
89.3%
M
89.3%
...
88.3%
...
88.3%
=
87.7%
=
87.7%
B
87.7%
B
87.7%
2
87.5%
2
87.5%
N
86.8%
N
86.8%
C
86.4%
C
86.4%
S
86.3%
S
86.3%
T
86.1%
T
86.1%
D
86.1%
D
86.1%
H
86.1%
H
86.1%
5
86%
% Correct
5
86%
%
85.9%
%
85.9%
7
85.5%
7
85.4%
§
85.4%
§
85.4%
Q
85.2%
Q
85.2%
8
85.2%
8
85.2%
K
84.9%
K
84.9%
4
84.6%
4
84.6%
#
84.4%
#
84.4%
9
84.1%
9
84.1%
1
83.9%
1
83.9%
œ
83.8%
œ
83.8%
X
83.8%
X
83.8%
Z
82.8%
Z
82.8%
¦
82.5%
¦
82.5%
% Correct
V
82.4%
V
82.4%
82.3%
82.3%
©
82.1%
©
82%
!
81.9%
!
81.9%
{
81.7%
{
81.7%
U
81.1%
£
81.1%
£
81.1%
U
81.1%
~
80.6%
~
80.6%
¬
80.5%
¬
80.5%
]
80.1%
]
80.1%
;
79.9%
;
79.9%
i
79.6%
i
79.6%
^
76.5%
^
76.5%
'
76.4%
'
76.4%

You're not logged in!

Compare scores with friends on all Sporcle quizzes.
Join for Free
OR
Log In

You Might Also Like...

Show Comments

Extras

Top Quizzes Today


Score Distribution

Your Account Isn't Verified!

In order to create a playlist on Sporcle, you need to verify the email address you used during registration. Go to your Sporcle Settings to finish the process.

Report this User

Report this user for behavior that violates our Community Guidelines.

Details: